000 00496nam a2200181Ia 4500
005 20240729022921.0
008 240331s9999 xx 000 0 und d
020 _a9559102265
082 _a303.4
_bJAY
100 _aJayawardena, K
245 0 _aNobodies to somebodies :
_bthe rise of the colonial bourgeoisie in Sri Lanka
260 _aColombo
_bThe Social Scientists Association
_c2000
300 _axx, 390 p .,
650 _aCulture
650 _aGender
650 _aReligion
942 _cL
999 _c1214
_d1214